لطائف قرآنية / (رقم التسجيلة. 99143)

تفاصيل مارك
000 -الفاتح
عناصر البيانات ثابتة الطول 00722cam a2200205 i 4500
005 - تاريخ ووقت آخر معاملة
حقل ضبط 20251127102205.0
008 - عناصر البيانات ثابتة الطول
عناصر البيانات ثابتة الطول 250721s2004 sy gr 000 0 ara d
082 14 - رقم تصنيف ديوي العشري
رقم التصنيف 211.7
رقم المادة خ ا ل
100 1# - مدخل رئيسي – اسم شخصي
الاسم الشخصي الخالدي، صلاح عبد الفتاح
علاقة الشخص بالعمل/ دوره مؤلف.
245 10 - بيان العنوان
العنوان لطائف قرآنية /
بيان المسؤولية الدكتور صلاح عبد الفتاح الخالدي.
250 ## - بيان الطبعة
بيان الطبعة الطبعة الثالثة.
264 31 - بيانات النشر، التوزيع…إلخ
مكان النشر، التوزيع...إلخ دمشق :
اسم الناشر، الموزع...إلخ دار القلم،
تاريخ النشر، التوزيع...إلخ 2004.
300 ## - الوصف المادي
عدد الوحدات المكونة للوعاء 200 صفحة.
490 0# - بيان السلسلة
عنوان السلسلة من كنوز القرآن ؛
رقم الوعاء في السلسلة الرقم 8.
650 17 - مدخل إضافي بالموضوع - مصطلح موضوعي
مصطلح موضوعي أو اسم جغرافي كعنصر مدخل القرآن الكريم.
650 17 - مدخل إضافي بالموضوع - مصطلح موضوعي
مصطلح موضوعي أو اسم جغرافي كعنصر مدخل فقه القرآن.
830 #0 - مدخل إضافي بالسلسلة-عنوان مقنن
عنوان السلسسلة من كنوز القرآن.
942 ## - بيانات إضافية (كوها)
نوع التنصيف Dewey Decimal Classification
نوع المادة (كوها) كتب
المقتنيات
حالة السحب حالة الفقدان مصدر التصنيف حالة التلف غير قابل للإعارة المكتبة الرئيسية المكتبة الحالية موقع الرف تاريخ التزويد الرقم المتسلسل Total Checkouts رقم الإستدعاء الباركود تاريخ آخر ظهور تاريخ الفاتورة نوع المادة (كوها)
    Dewey Decimal Classification     المكتبة المركزية المكتبة المركزية الإعارة 28/07/2025 1003535   211.7 / خ ا ل 1003535 28/07/2025 28/07/2025 كتب
    Dewey Decimal Classification     المكتبة المركزية المكتبة المركزية الإعارة 14/06/2010 1387555   211.7 / خ ا ل PLD00152504 28/07/2025 14/06/2010 كتب
    Dewey Decimal Classification     المكتبة المركزية المكتبة المركزية مقتنيات قسم التزويد 28/07/2025 1387556   211.7/خال   28/07/2025 28/07/2025 كتب
    Dewey Decimal Classification     مكتبة الاميرة بديعة مكتبة الاميرة بديعة الإعارة 14/06/2010 1387562   211.7/خال PLD00152510 28/07/2025 14/06/2010 كتب
    Dewey Decimal Classification     مكتبة الجويدة مكتبة الجويدة الإعارة 14/06/2010 1387561   211.7/خال PLD00152509 28/07/2025 14/06/2010 كتب
    Dewey Decimal Classification     مكتبة حمزة العامة مكتبة حمزة العامة الإعارة 14/06/2010 1387560   211.7/خال PLD00152508 28/07/2025 14/06/2010 كتب
    Dewey Decimal Classification     مكتبة عدن للأطفال مكتبة عدن للأطفال الإعارة 12/02/2025 1793621   211.7/خال PLD00515561 28/07/2025 12/02/2025 كتب
Implemented & Customized by: BBB with SCIT (Smart Chains for Information Technology)

Powered by Koha